000 01052nam0a2200301 4500
001 RU\NLR\BIBL_A\022303931
005 20260420013615.0
010 _a978-5-6051613-6-3
_91000
021 _aRU
_bКН-П-24-039590
_9КН-П-24-3932
035 _a(NLR Aleph) 022303931
090 _a13663276
_c13663276
100 _a20240821d2024 u y0rusy50 ca
101 0 _arus
102 _aRU
105 _ay z 000yy
181 0 _ai4
_baxxe
182 0 _an
200 1 _aРазмышления
_fВиктор Скугарев
_gМеждународный клуб Всемирное наследие
203 _aТекст
_bвизуальный
_cнепосредственный
210 _aМосква
_cФонтеграфика
_d2024
215 _a38, [1] с.
_d21
686 2 _aШ6(2=Р)8я44
700 1 _aСкугарев
_bВ. А.
_gВиктор Анатольевич
942 _cBOOK
980 _aNB